Horrible Histories: (Record no. 50379)
| 000 -LEADER | |
|---|---|
| fixed length control field | 00439nam a2200145 4500 |
| 020 ## - INTERNATIONAL STANDARD BOOK NUMBER | |
| International Standard Book Number | 9781407181998 |
| 100 ## - MAIN ENTRY--PERSONAL NAME | |
| Personal name | Deary, Terry. |
| 9 (RLIN) | 35843 |
| 245 ## - TITLE STATEMENT | |
| Title | Horrible Histories: |
| Remainder of title | 25th Anniversary Yearbook / |
| Statement of responsibility, etc | Terry Deary. |
| 260 ## - PUBLICATION, DISTRIBUTION, ETC. (IMPRINT) | |
| Place of publication, distribution, etc | London: |
| Name of publisher, distributor, etc | Scholastic; |
| Date of publication, distribution, etc | 2017. |
| 300 ## - PHYSICAL DESCRIPTION | |
| Extent | 57 cm. |
| Other physical details | col. ill. |
| Dimensions | 30 cm. |
| 490 ## - SERIES STATEMENT | |
| Series statement | Horrible Histories; |
| 650 ## - SUBJECT ADDED ENTRY--TOPICAL TERM | |
| Topical term or geographic name as entry element | History. |
| 9 (RLIN) | 74631 |
| 700 ## - ADDED ENTRY--PERSONAL NAME | |
| Relator code | illustrator. |
| Personal name | Martin Brown. |
| 9 (RLIN) | 84534 |
| 942 ## - ADDED ENTRY ELEMENTS (KOHA) | |
| Source of classification or shelving scheme | |
| Koha item type | NON FIC SECTION |
| Withdrawn status | Lost status | Source of classification or shelving scheme | Damaged status | Not for loan | Collection code | Home library | Current library | Date acquired | Total Checkouts | Full call number | Barcode | Checked out | Date last seen | Date checked out | Price effective from | Koha item type |
|---|---|---|---|---|---|---|---|---|---|---|---|---|---|---|---|---|
| Non-Fiction | Asian Hope Secondary Library | Asian Hope Secondary Library | 04/08/2026 | 1 | 941 DEA | 211701 | 05/07/2026 | 04/30/2026 | 04/30/2026 | 04/08/2026 | NON FIC SECTION |